Calculus on Heisenberg manifolds

Saved in:
Bibliographic Details
Main Author: Beals, Richard 1938-
Other Authors: Greiner, Peter Charles 1938-
Format: Book
Language:English
Published: Princeton, N.J. : Princeton University Press, 1988
Series:Annals of mathematics studies ; ; 119
Subjects:
Tags: Add Tag
No Tags, Be the first to tag this record!

MARC

LEADER 00000cam a2200000 i 4500
001 1/41608
008 941103s1988 eng d
020 |a 0691085005  |c $40.00 
020 |a 0691085013  |c $25.95 
035 |l 10041553 
040 |a GR-MY-UA  |b gre  |e aacr 
041 0 |a eng 
082 0 |a 515.7242  |2 (19) 
100 1 |a Beals, Richard  |d 1938- 
245 1 0 |a Calculus on Heisenberg manifolds /  |c by Richard Beals and Peter Greiner 
246 3 3 |a Heisenberg manifolds 
260 |a Princeton, N.J. :   |b Princeton University Press,   |c 1988 
300 |a viii, 194 p.;  |c 25 cm 
490 1 |a Annals of mathematics studies  |v ; 119 
500 |a Includes index 
504 |a Bibliography: p. [181]-188 
650 0 0 |a Hypoelliptic operators. 
650 0 0 |a Calculus. 
650 0 0 |a Differentiable manifolds. 
700 1 |a Greiner, Peter Charles  |d 1938- 
830 0 |a Annals of mathematics studies ;  |v ; 119 
852 |a INST  |b SAMOS  |e 19941103  |h 515.7242 BEA  |p 005300002839  |q 005300002839  |t BK  |y 4  |x 20200312 
909 |a Σ  |b 029656